000 00696cam a2200205 4500
008 130617n 000 0 eng u
020 _a9781845456535
035 _a(Sirsi) a179363
040 _aCIP
050 _aHV 640.5. A28 DET 2010
245 _aDeterritorialized youth :
_bSahrawi and Afghan refugees at the margins of the Middle East/
_cedited by Dawn Chatty.
260 _aNew York :
_bBerghahn Books,
_c 2010.
300 _a275 p. :
_b ill.
440 _aStudies in forced migration ; vol. 29
504 _aIncludes bibliographical references and index
650 _aRefugee children
650 _aSahrawi (African people)
650 _aMiddle East
700 _aChatty, Dawn
999 _c118754
_d118754